000 00352nam a2200145 a 4500
005 20140414093834.0
008 090121s19uu xx uuu eng d
050 _aCDR 795
_bCAS 1999
100 _aHoyle
245 _aCasino.
650 _aGames
_xInteractive videos.
650 _aAmusement
_xInteractive videos.
942 _cAVM
999 _c108910
_d108910